|
|
|
|
| LEADER |
01044nam a2200241 a 4500 |
| 001 |
000601922 |
| 003 |
CZ BrMZK |
| 005 |
20100602092154.0 |
| 007 |
ta |
| 008 |
020522s1984 xr f cze d |
| 040 |
|
|
|a BOA001
|b cze
|c BOA001
|
| 080 |
|
|
|a 75(437.1)"19":92 Honsa
|2 MRF
|
| 100 |
1 |
|
|a Honsa, Jan,
|d 1876-1937
|7 jk01041943
|4 art
|
| 245 |
1 |
0 |
|a Jan Honsa :
|b 1876-1937 : Východočeská galerie Pardubice, červen-červenec 1984 : Orlické muzeum v Chocni : katalog výstavy /
|c texty a příprava katalogu, výběr reprodukcí: Jitka Boučková
|
| 260 |
|
|
|a Pardubice :
|b Východočeská galerie,
|c 1984
|
| 300 |
|
|
|a 55 s. +
|e 1 vol. příl.: Seznam vystavených děl
|
| 504 |
|
|
|a Bibliografie na s. 52-53
|
| 700 |
1 |
|
|a Boučková, Jitka,
|d 1921-
|7 jk01012793
|4 wfw
|
| 710 |
2 |
|
|a Východočeská galerie (Pardubice, Česko)
|7 kn20020322239
|
| 710 |
2 |
|
|a Orlické muzeum (Choceň, Česko)
|7 ko2003171960
|
| 910 |
|
|
|a BOA001
|b 2-0877.365
|
| 990 |
|
|
|a BK
|
| 996 |
6 |
|
|b 2619241953
|c 2-0877.365
|l MZK
|r Sklad / do 1 hodiny
|n 4
|w 000601922
|u 000010
|a 1
|e BOA001
|j MZK50
|s P
|